Optimalizácia metód inšpekčnej činnosti záverečná práca postgraduálneho štúdia

Gespeichert in:
Bibliographische Detailangaben
1. Verfasser: Viktóry, Igor
Körperschaft: Vysoká škola ekonomická v Bratislave
Weitere Verfasser: Brunovský, Jozef
Format: Buch
Sprache:Slowakisch
Veröffentlicht: Bratislava 1987
Tags: Tag hinzufügen
Keine Tags, Fügen Sie das erste Tag hinzu!

MARC

LEADER 00000nam a2200000 4500
001 c030396
005 20221219094848.5
041 0 |a slo 
044 |a SK 
245 1 0 |a Optimalizácia metód inšpekčnej činnosti  |b záverečná práca postgraduálneho štúdia  |c Igor Viktóry ; Ved. práce Jozef Brunovský 
264 1 |a Bratislava  |c 1987 
300 |a 41 s. 
100 1 |a Viktóry, Igor 
700 1 |a Brunovský, Jozef 
710 2 |a Vysoká škola ekonomická v Bratislave